| 000 | 00980nam a2200265 a 4500 | ||
|---|---|---|---|
| 001 | 000022368 | ||
| 005 | 20240530073934.0 | ||
| 008 | 101006s2006 dr c 000 e spa d | ||
| 020 | _a9590608558 | ||
| 040 |
_aDO-SdBNP _bspa _cBNPHU |
||
| 082 |
_a923.57293 _bG633m |
||
| 245 | 0 | 0 |
_aMáximo Gómez : _b100 años / _cselección de Ana Cairo. |
| 246 | 1 | 3 |
_aMáximo Gómez: _bcien años |
| 260 |
_aLa Habana : _bInstituto Cubano del Libro : _bCiencia Sociales, _c2006. |
||
| 300 |
_a541 p. : _bretrs. ; _c23 cm. |
||
| 504 | _aIncluye referencias bibliográficas y notas al pie de las páginas. | ||
| 600 | 1 | 0 |
_aGómez, Máximo, _d1836-1905 _912249 |
| 600 | 1 | 0 |
_aGómez, Máximo, _d1836-1905 _912249 |
| 651 | 4 |
_aCuba _xHistoria _yGUERRA DE LOS DIEZ AÑOS, 1868-1878 _911018 |
|
| 651 | 4 |
_aCuba _xHistoria _yGUERRA DE INDEPENDENCIA, 1895-1898 _911019 |
|
| 650 | 0 |
_aEnsayos dominicanos _965 |
|
| 650 | 0 |
_aLiteratura dominicana. _967 |
|
| 700 | 1 |
_aCairo, Ana, _ecomp. _946139 |
|
| 049 | _aBNPD | ||
| 999 |
_c21866 _d21866 |
||